000 00378nam a22000977a 4500
008 230606b xxu||||| |||| 00| 0 eng d
082 _a351.24921
_bPAN
245 _aReport of the pan-African Parliament seminar on the harmonisation of regional Economic communities and regional Parliamentary Bodies
_bMowana lodge -kasane, botswana
_c12-13 Marcg 2007
300 _a44p
942 _2ddc
_cBK
999 _c672
_d672